000 00945nam a2200241 i 4500
001 186280
003 SpMaBN
005 20250824063059.0
008 161003s2002 sp |||| | spa d
020 _a84-932437-1-X
080 _a821.134.2-82"19"
100 1 _aReol Tejada, Juan Manuel,
_d1933-2008
_9161024
245 1 0 _aPalabras de todo y nada /
_cJuan Manuel Reol Tejada.
260 _a[Madrid] :
_bAsociación Española de Farmacéuticos de Letras y Artes,
_c[2002]
300 _a181 p. ;
_c21 cm.
490 1 _aColección Pharma-ki ;
_v1
505 8 _aContiene: ;
_tJosé Rodríguez Carracido: el Ateneo y la ciencia española ;
_tLa dimensión humanista de la farmacia
710 2 _aAsociación Española de Farmacéuticos de Letras y Artes.
_9161025
830 0 _aColección Pharma-ki ;
_v1
_9192513
852 _aES-MaACL
_jA-13896
_9 193335
_bR.151143
_cDEPO1
_dOlim: N-6896
942 _2udc
999 _c186280
_d186280